000 01496nam a22001577a 4500
999 _c521903
_d521903
008 230302b ||||| |||| 00| 0 eng d
100 _aGodlewska, Małgorzata and Pilewicz, Tomasz
_937833
245 _aEntrepreneurial activities of local governments in their investment attractiveness context – evidence from Poland
260 _aLocal Government Studies
300 _a48(3), Jun, 2022: p.432-456
520 _aThis paper explores the phenomena of entrepreneurial activities of local governments such as the availability of local zoning plans, entrepreneurship support programmes or promotion of investments’ benefits in specific locations. The investigation is based on a research sample of 329 local regions from Poland selected in stratified random sampling. However, only 114 local governments (formal authorities of local regions) who responded to the mystery stakeholder communication are subject to a more detailed analysis. The findings show the differences in the potential investment attractiveness of local regions with different levels of entrepreneurial activities of local government. Moreover, local governments with higher potential investment attractiveness engage more in entrepreneurial activities.- Reproduced
650 _ainvestment attractiveness, Entrepreneurial activities, local governments, Local regions, Entrepreneurship, Potential investment attractiveness.
_936276
773 _aLocal Government Studies
906 _aENTREPRENEURSHIP
942 _cAR